000 01136cam a22003377a 4500
003 CHAP
005 20220329142058.0
008 990601d1998 mx a r 00110 spa d
010 _a78078
011 _a79050
020 _a9681813278
035 _a89183
040 _cCHAP
082 _a332.67
_bC68 1998
100 0 0 _aCoss Bu, Raúl.
_928460
245 1 0 _aAnálisis y evaluación de proyectos de inversión
_c/por Raúl Coss Bu
250 _a2 ed.
260 _aMéxico, D.F. :
_bLimusa,
_c1998.
300 _a375 p.
_b: ilus. ; cuadros ; gráfs. ; tablas
590 _aBATCH-UPD
_b10
_c20130110
_lUCH01
_h0807
590 _aBATCH-UPD
_b10
_c20130410
_lUCH01
_h0445
590 _aBATCH-UPD
_b10
_c20130914
_lUCH01
_h1052
590 _aCONVERSION
_b10
_c20130109
_lUCH01
_h1343
650 1 4 _aInversiones.
_960178
650 1 4 _aProyectos
_xEvaluación.
_992525
901 _aBK
905 _aAlejandra Carrasco M.
942 _cLIBRO
949 _a332.67 C68 1998
_bBC
_cLIBRO
_d33724000725610
_eLIBRO
_gI.c/e
_h94423
_i89183
_si
_t$89.00
949 _a332.67 C68 1998
_bBC
_cLIBRO
_d33724000956355
_eLIBRO
_fc.2
_gI.c/e
_h105885
_i89183
_si
_t$120.00
999 _c78078
_d78078